Statistics for NHL Canada 2010 Olympic Hockey Team

Click here to take the quiz!

General Stats

  • This quiz has been taken 465 times
  • The average score is 15 of 25

Answer Stats

Position + Jersey NumberAnswer% Correct
F #87 (A)Sidney Crosby
98%
G #1Roberto Luongo
83%
F #12 (A)Jarome Iginla
77%
G #30Martin Brodeur
75%
D #2Duncan Keith
74%
F #16Jonathan Toews
74%
D #8Drew Doughty
72%
F #37Patrice Bergeron
72%
F #61Rick Nash
71%
D #6Shea Weber
69%
G #29Marc-André Fleury
68%
F #24Corey Perry
67%
F #51Ryan Getzlaf
67%
D #27 (C)Scott Niedermayer
64%
F #19Joe Thornton
62%
Head CoachMike Babcock
62%
F #11Patrick Marleau
57%
D #7Brent Seabrook
56%
D #20 (A)Chris Pronger
56%
General ManagerSteve Yzerman
46%
F #15Dany Heatley
43%
F #18Mike Richards
40%
F #21Eric Staal
37%
D #22Dan Boyle
28%
F #10Brenden Morrow
23%

Score Distribution

Percentile by Number Answered

Percent of People with Each Score

Your Score History

You have not taken this quiz